Geografía de la percepción urbana : ¿cómo vemos la ciudad? /

El presente libro tiene dos objetivos: en primer lugar, el poder transmitir la experiencia en la investigación realizada sobre la percepción espacial, herramienta útil y poco explotada en el campo del análisis geográfico en nuestro medio y en segundo lugar, transponer los resultados obtenidos como t...

Descripción completa

Detalles Bibliográficos
Autor principal: Caneto, Claudio
Otros Autores: Mercado, Raúl (prologuista), Moore, Mirta (prologuista)
Formato: Libro
Lenguaje:Espa�ol
Publicado: Buenos Aires : Lugar Editorial, 2000.
Colección:(Lugar docente / dirigida por Diana Durán)
Materias:
Etiquetas: Agregar Etiqueta
Sin Etiquetas, Sea el primero en etiquetar este registro!

MARC

LEADER 00000nam a22000004a 4500
001 AR-BbUGT58453
003 AR-BbUGT
005 20260225142539.0
007 ta
008 250917t2000 ag abdo b 001 0 spa d
020 |a 9508920963 
040 |a AR-BbUGT  |b spa  |c AR-BbUGT  |d aacr2 
041 0 |a spa  |b spa 
082 0 4 |a 711.4  |2 21 
100 1 |a Caneto, Claudio. 
245 1 0 |a Geografía de la percepción urbana :   |b ¿cómo vemos la ciudad? /  |c Claudio Caneto. 
260 |a Buenos Aires :   |b Lugar Editorial,  |c 2000. 
300 |a 111 p. :  |b il., map., fot., gráf. ;  |c 20 cm. 
336 |2 rdacontent  |a texto  |b txt 
337 |2 rdamedia  |a sin mediación  |b n 
338 |2 rdacarrier  |a volumen  |b nc 
490 0 |a (Lugar docente / dirigida por Diana Durán) 
504 |a Incluye referencias bibliográficas. 
505 2 |a Los fundamentos del análisis perceptual -- Aplicación metodológica -- Un ejemplo de aplicación -- Las medidas de la percepción -- La percepción y su aplicación en la enseñanza de la geografía. 
520 0 |a El presente libro tiene dos objetivos: en primer lugar, el poder transmitir la experiencia en la investigación realizada sobre la percepción espacial, herramienta útil y poco explotada en el campo del análisis geográfico en nuestro medio y en segundo lugar, transponer los resultados obtenidos como técnica de interpretación en el diagnóstico docente. El hombre es, hoy por hoy, el centro de atención del mundo moderno y de la ciencia en general. Interpretar el sentimiento que el medio provoca en el habitante de la ciudad es de suma importancia para la geografia, como ciencia utilitaria y analitica que puede contribuir a mejorar la calidad de vida del hombre. No se puede obviar el impacto que el grado de satisfacción con el lugar habitado, puede tener en la relación cuasitraumática del hombre con el espacio que habita. La metodologia empleada en el trabajo de investigación tiene su correlato con la técnica necesaria en el campo del diagnóstico docente. Esta dificil exploración, que necesariamente el docente debe realizar, eleva a la percepción del espacio a la categoria de elemento de diagnóstico sencillo, muy efectivo y práctico. La propuesta es simple y de connotaciones interdisciplinarias, si a través del sujeto podemos obtener una imagen subjetiva del espacio; de ésta podremos inferir cuando menos, algunas caracteristicas del sujeto en cuestión. 
650 0 7 |a Geografía  |2 unescot 
650 0 7 |a Enseñanza de la geografía  |2 unescot 
650 0 7 |a Geografía humana  |2 unescot 
653 5 |a Villa Carlos Paz 
653 0 |a Investigación geográfica 
700 1 |a Mercado, Raúl  |e prologuista 
700 1 |a Moore, Mirta  |e prologuista 
942 |2 ddc  |c BK  |e 21  |h 711.4  |i C221  |6 711_400000000000000_C221 
999 |c 16233  |d 16233